000 00850nam a22002777a 4500
003 CHAP
005 20220817041221.0
008 971013s1994 r 00010 d
010 _a8917
011 _a9889
035 _a9125
040 _cCHAP
082 _a633.2
_bI52 1989
110 _aINIFAP. México. Campo Experimental La Laguna
245 _aInforme de investigación de forrajes, 1989
260 _aMatamoros, Coah. :
_bEl Campo,
_c1994
300 _a108 p.
590 _aBATCH-UPD
_b10
_c20130110
_lUCH01
_h2022
590 _aBATCH-UPD
_b10
_c20130410
_lUCH01
_h1340
590 _aBATCH-UPD
_b10
_c20130914
_lUCH01
_h1430
590 _aCONVERSION
_b10
_c20130109
_lUCH01
_h1306
650 1 4 _aForrajes
_xInvestigación.
_942576
901 _aBK
942 _cLIBRO
949 _a633.2 I52 1989
_bBC
_cCONG
_d33724000003471
_eCONG
_h88157
_i9125
_mD
_si
999 _c8917
_d8917